000 00703nam a2200241Ia 4500
003 OSt
005 20220928121505.0
006 a|||||r|||| 00| 0
007 ta
008 220927b |||||||| |||| 00| 0 eng d
024 _a8937
037 _cTextual
040 _aSDCL
_cSDCL
_beng
041 _2eng
_aeng
082 _aW, P0
100 _aVan Erp Herman H H
_9452830
245 0 _aPolitical reason and interest
_bA philosophical legitimation of the political order in a pluralistic society
260 _aAldershot
_bAshgate
_c2000
300 _axiii,208p
_ccm.
650 _aPolitical Science
942 _hW, P0
_cTEXL
_2CC
999 _c766777
_d766777